|
|
|
|
| LEADER |
00940cam a2200361 i 4500 |
| 001 |
000047291 |
| 003 |
6891 |
| 005 |
20030225113702.0 |
| 008 |
010309|1995 vm 000 eng |
| 020 |
|
|
|a 1857152069
|
| 022 |
|
|
|a T
|
| 040 |
|
|
|a IRC
|c IRC
|d IRC
|
| 041 |
0 |
|
|a eng
|
| 082 |
1 |
4 |
|a 813.3
|b ST-H
|
| 100 |
1 |
|
|a Stowe, Harriet Beecher.
|
| 245 |
0 |
0 |
|a Uncle Tom's Cabin /
|c Harriet Beecher Stowe ; Introduced by Alfred Kazin.
|
| 260 |
|
|
|a London :
|b David Campbell,
|c 1995.
|
| 300 |
|
|
|a 494p. ;
|c 20.5cm.
|
| 630 |
0 |
4 |
|a American literature.
|
| 630 |
0 |
4 |
|a American stories.
|
| 630 |
0 |
4 |
|a Harriet beecher Stowe.
|
| 630 |
0 |
4 |
|a Uncle Tom's Cabin.
|
| 650 |
0 |
4 |
|a Literature, American
|x Stories.
|
| OWN |
|
|
|a DUT
|
| 999 |
|
|
|a From the UDN01
|
| TYP |
|
|
|a Monograph
|
| TYP |
|
|
|a Printed language
|
| 980 |
|
|
|a Mạng thư viện Đại học Đà Nẵng
|